| 000 | 00578nam a2200217 i 4500 | ||
|---|---|---|---|
| 001 | bg | ||
| 100 | 1 | _aCloud, Gary L. | |
| 245 | 0 | 0 |
_aOptical methods of engineering analysis / _cGary L. Cloud. |
| 260 |
_aCambridge : _bCambridge University Press, _c1998. |
||
| 300 |
_aXII, 503 s. : _brys. ; _c26 cm. |
||
| 504 | _aIndeksy. | ||
| 650 | 9 |
_aOptyka _xmetody _xstosowanie |
|
| 020 | _a0521636426 | ||
| 040 | _cBPK | ||
| 041 | 0 | _aeng | |
| 044 | _aUSA | ||
| 080 | _a535 | ||
| 942 | _cKS | ||
| 008 | s pl f |000 0 pol | ||
| 999 |
_c54477 _d54477 |
||
| 856 |
_uhttp://koha.tu.koszalin.pl/cgi-bin/koha/opac-detail.pl?biblionumber=54477 _yKatalog online BPK |
||